=LDR 00000nam 2200000 4500 =001 INLIS000000000042881 =005 20131008015708 =008 ************************************* =035 ##$$0010-101300000000803 =082 ##$$a 8x0.8 =090 ##$$a 8x0.8, Jas p =100 ##$$a Jasin, H.B =245 ##$$a Pengarang Indonesia dan Pengarangnya, H.B. Jasin =260 ##$$a [s.a] $b Jakarta =300 ##$$a xiii,154 hlm, 21 cm =650 ##$$a Pengarang Indonesia =850 ##$$a NBPNMAT